|
|
|
|
| LEADER |
00000nam0a2200000 4500 |
| 001 |
133541 |
| 005 |
20231101220432.0 |
| 010 |
|
|
|a 9785942802899
|
| 035 |
|
|
|a (RuTPU)RU\TPU\book\144736
|
| 090 |
|
|
|a 133541
|
| 100 |
|
|
|a 20080318d2008 m y0rusy50 ca
|
| 101 |
0 |
|
|a rus
|
| 102 |
|
|
|a RU
|
| 105 |
|
|
|a a j 001zy
|
| 200 |
1 |
|
|a Управление рисками: задачи и решения
|e учебно-практическое пособие
|f Г. И. Просветов
|
| 210 |
|
|
|a Москва
|c Альфа-Пресс
|d 2008
|
| 215 |
|
|
|a 416 с.
|c ил.
|
| 320 |
|
|
|a Литература: с. 406.
|
| 330 |
|
|
|a В настоящем учебно-практическом пособии нашли свое отражение как теоретические, построенные на основе новейших вероятностных, эмпирических, финансовых и математических методах экономического анализа, так и практические вопросы построения системы управления рисками как части целостного управления организацией. Каждый раздел книги можно рассматривать как самостоятельный курс, содержащий основные расчетные алгоритмы, необходимый справочный материал, задачи для самостоятельного решения и задачи для контрольной работы. Для студентов вузов, обучающихся по специальностям экономики и управления, а также для специалистов, изучающих и использующих экономико-математические методы в управлении рисками.
|
| 606 |
1 |
|
|a Риски
|x Управление
|x Экономика
|2 stltpush
|3 (RuTPU)RU\TPU\subj\36859
|9 58085
|
| 610 |
1 |
|
|a экономика
|
| 610 |
1 |
|
|a управление
|
| 610 |
1 |
|
|a экономические риски
|
| 610 |
1 |
|
|a риски
|
| 610 |
1 |
|
|a финансовые риски
|
| 610 |
1 |
|
|a ссудный процент
|
| 610 |
1 |
|
|a финансовые потоки
|
| 610 |
1 |
|
|a ипотека
|
| 610 |
1 |
|
|a финансовые вычисления
|
| 610 |
1 |
|
|a форвардные ставки
|
| 610 |
1 |
|
|a лизинг
|
| 610 |
1 |
|
|a инвестиции
|
| 610 |
1 |
|
|a инвестиционные проекты
|
| 610 |
1 |
|
|a облигации
|
| 610 |
1 |
|
|a акции
|
| 610 |
1 |
|
|a финансирование
|
| 610 |
1 |
|
|a доходы
|
| 610 |
1 |
|
|a капитал
|
| 610 |
1 |
|
|a ценообразование
|
| 610 |
1 |
|
|a дюрация
|
| 610 |
1 |
|
|a фьючерсные контракты
|
| 610 |
1 |
|
|a хеджирование
|
| 610 |
1 |
|
|a задачи
|
| 610 |
1 |
|
|a решения
|
| 610 |
1 |
|
|a учебные пособия
|
| 686 |
|
|
|a У9(2)212я73
|v LBC/SL-A
|2 rubbk
|
| 686 |
|
|
|a У9(2)262.3я73
|v LBC/SL-A
|2 rubbk
|
| 700 |
|
1 |
|a Просветов
|b Г. И.
|g Георгий Иванович
|
| 801 |
|
1 |
|a RU
|b 63413507
|c 20080318
|g PSBO
|
| 801 |
|
2 |
|a RU
|b 63413507
|c 20140121
|g PSBO
|
| 900 |
|
|
|a Управление рисками
|
| 942 |
|
|
|c BK
|
| 959 |
|
|
|a 34/20080318
|d 1
|e 160,00
|f ЧЗГЛ:1
|